[Event "GER-ch U12 Girls"]
[Site "Willingen"]
[Date "2024.05.24"]
[Round "8"]
[White "Luible, Antonia"]
[Black "Ratushna, Olha"]
[Result "1/2-1/2"]
[WhiteElo "1347"]
[BlackElo "1601"]
[PlyCount "81"]
[EventDate "2024.05.19"]
[EventType "swiss"]
[EventRounds "9"]
[EventCountry "GER"]
[SourceTitle "CBM 220 Extra"]
[Source "ChessBase"]
[SourceDate "2024.07.31"]
[SourceVersion "1"]
[SourceVersionDate "2024.07.31"]
[SourceQuality "1"]

1. d4 Nf6 2. Nf3 g6 3. c4 Bg7 4. Nc3 0-0 5. e4 d6 6. Be2 Nbd7 7. 0-0 e5 8. d5 a5 9. b3 Nc5 10. Qc2 Ne8 11. Ne1 f5 12. f3 f4 13. Nd3 Nxd3 14. Bxd3 Qh4 15. Qf2 Qh5 16. Bb2 Rf6 17. g4 fxg3 18. hxg3 Bh3 19. g4 Qh6 20. Rfd1 Bxg4 21. Be2 Bd7 22. Bc1 g5 23. Qg2 Rg6 24. Qh2 Qxh2+ 25. Kxh2 g4 26. Rg1 gxf3 27. Rxg6 hxg6 28. Bxf3 Nf6 29. Bd2 Nh5 30. Rg1 Kh7 31. Bg4 Bxg4 32. Rxg4 Rf8 33. Nb5 Rf7 34. Bxa5 b6 35. Be1 Nf6 36. Rh4+ Kg8 37. Nc3 Bh6 38. Kg2 Kg7 39. Rh3 g5 40. Bd2 Kg6 41. Rh1 1/2-1/2

[Event "GER-ch U12 Girls"]
[Site "Willingen"]
[Date "2024.05.23"]
[Round "7"]
[White "Fettan, Nua"]
[Black "Luible, Antonia"]
[Result "0-1"]
[WhiteElo "1599"]
[BlackElo "1347"]
[PlyCount "104"]
[EventDate "2024.05.19"]
[EventType "swiss"]
[EventRounds "9"]
[EventCountry "GER"]
[SourceTitle "CBM 220 Extra"]
[Source "ChessBase"]
[SourceDate "2024.07.31"]
[SourceVersion "1"]
[SourceVersionDate "2024.07.31"]
[SourceQuality "1"]

1. e4 c5 2. Nc3 Nc6 3. f4 e6 4. Nf3 d5 5. d3 Nf6 6. g3 Be7 7. Bg2 a6 8. 0-0 0-0 9. h3 b5 10. Nh2 Bb7 11. g4 dxe4 12. Nxe4 Nxe4 13. Bxe4 Na5 14. Qe1 Bxe4 15. dxe4 Nc4 16. Nf3 Bf6 17. e5 Be7 18. b3 Nb6 19. h4 Nd5 20. Qf2 Rc8 21. Kh1 c4 22. g5 Bc5 23. Qh2 Be3 24. Rd1 Qb6 25. f5 Bxc1 26. Raxc1 Ne3 27. Rd6 Qb7 28. Qf2 Nxf5 29. Rdd1 Nxh4 30. Rf1 Nxf3 31. Qxf3 Qxf3+ 32. Rxf3 cxb3 33. axb3 Rc5 34. Re3 Rfc8 35. c3 Rd8 36. Rc2 Rcd5 37. Kg2 Rd2+ 38. Re2 Rxe2+ 39. Rxe2 Rc8 40. Rd2 g6 41. Rd3 Kg7 42. Kf3 h6 43. Kf4 hxg5+ 44. Kxg5 a5 45. Kf4 a4 46. bxa4 bxa4 47. Rd4 a3 48. Ra4 Rxc3 49. Ke4 g5 50. Rd4 a2 51. Rd8 a1Q 52. Rd1 Rc4+ 0-1

[Event "GER-ch U12 Girls"]
[Site "Willingen"]
[Date "2024.05.19"]
[Round "1"]
[White "Ali, Maha"]
[Black "Luible, Antonia"]
[Result "0-1"]
[WhiteElo "1666"]
[BlackElo "1347"]
[PlyCount "76"]
[EventDate "2024.05.19"]
[EventType "swiss"]
[EventRounds "9"]
[EventCountry "GER"]
[SourceTitle "CBM 220 Extra"]
[Source "ChessBase"]
[SourceDate "2024.07.31"]
[SourceVersion "1"]
[SourceVersionDate "2024.07.31"]
[SourceQuality "1"]

1. d4 d5 2. c4 Nf6 3. cxd5 Nxd5 4. e4 Nf6 5. Nc3 e6 6. Nf3 Be7 7. Bd3 Nc6 8. 0-0 0-0 9. e5 Nd5 10. Nxd5 exd5 11. Qc2 h6 12. a3 Be6 13. Be3 Qd7 14. Bb5 a6 15. Bxc6 Qxc6 16. Qxc6 bxc6 17. Rac1 Bd7 18. Nd2 Rab8 19. b4 Rb6 20. Nb3 Re8 21. Rc3 Bf8 22. Rfc1 Re6 23. f4 g6 24. g4 Rb7 25. Na5 Ra7 26. Nxc6 Rxc6 27. Rxc6 Bxc6 28. Rxc6 Be7 29. f5 gxf5 30. gxf5 a5 31. b5 Bxa3 32. Rxh6 Rb7 33. Bg5 Bf8 34. Rc6 Rxb5 35. Rxc7 a4 36. Ra7 a3 37. Kg2 Rb4 38. Ra5 Rxd4 0-1